Estudio sobre ajustes agrícolas internacionales: el caso de Centroamérica /

Examina la relación entre los cambios en la estructura del sector agrícola centroamericano y la demanda para sus productos, a nivel regional, a partir del mercado común centroamericano, estudia los ajustes agrícolas en la región centroamericana, estudia los ajustes agrícolas en la región centroameri...

Descrizione completa

Salvato in:
Dettagli Bibliografici
Enti autori: SIECA, Grupo Asesor para la Integración Económica Centroamericana
Natura: testo
Pubblicazione: Guatemala: SIECA
Soggetti:
Tags: Aggiungi Tag
Nessun Tag, puoi essere il primo ad aggiungerne!!

MARC

LEADER 00000 a a2200000 04500
001 19739
003
040
090 |a 079300  
110 |a SIECA  
245 |a Estudio sobre ajustes agrícolas internacionales: el caso de Centroamérica /  |c SIECA  
260 |a Guatemala:   |b SIECA  
300 |a 57 p.  
500 |a Este documento formó parte del informe "Ajustes Agrícolas Internacionales" discutido en la Conferencia General de la FAO en nov. 1973  
520 |a Examina la relación entre los cambios en la estructura del sector agrícola centroamericano y la demanda para sus productos, a nivel regional, a partir del mercado común centroamericano, estudia los ajustes agrícolas en la región centroamericana, estudia los ajustes agrícolas en la región centroamericana, considerando el comercio regional en la década de 1960, la tendencia a la especialización regional en el comercio (granos básicos, productos agrícolas elaborados), los cambios en los flujos de comercio, comercio y consumo, comercio y desarrollo de actividades productivas./ALLV  
650 |a COMERCIO INTERNACIONAL  
650 |a COMERCIO INTERIOR  
650 |a MERCADO AGRICOLA  
650 |a MCCA  
710 |a Grupo Asesor para la Integración Económica Centroamericana  
999 |c 16744  |d 16744